Statistiques concernant États insulaires non-souverain

Cliquez ici pour prendre le quiz!

Statistiques générales

  • Ce quiz a été pris 33 fois
    (25 depuis la dernière actualisation)
  • Le résultat moyen est 21 sur 90

Statistiques - réponses

Réponses% Correct
Guadeloupe
96%
Martinique
96%
La Réunion
87%
Saint-Martin
74%
Saint-Martin
74%
Saint-Barthélemy
70%
Mayotte
65%
Îles Vierges britanniques
61%
Groenland
57%
Îles Cook
57%
Îles Féroé
57%
Nouvelle-Calédonie
57%
Açores
52%
Hawaï
52%
Saint-Pierre-et-Miquelon
52%
Guam
48%
Îles Kerguelen
48%
Aruba
43%
Niue
43%
Samoa américaines
43%
Bermudes
39%
curaçao
39%
Île Christmas
39%
Porto Rico
39%
Bonaire
35%
Îles Caïmans
35%
Îles Turques-et-Caïques
35%
Îles Mariannes du nord
30%
Svalbard
30%
Anguilla
26%
Île Norfolk
26%
Îles Cocos
26%
Madère
26%
Malouines
26%
Tokelau
26%
Chypre du nord
22%
Île de Clipperton
22%
Îles Vierges des États-Unis
22%
Saint-Eustache
22%
Gouvernement révolutionnaire de Zanzibar
17%
Montserrat
17%
Saba
17%
Géorgie du sud
13%
Île Bouvet
13%
Île Jan Mayen
13%
Îles Sandwich du sud
13%
Archipel des Tuamotu
9%
Bougainville
9%
Îles Crozet
9%
Îles de la Société
9%
Îles Gambier
9%
Îles Marquises
9%
Îles Midway
9%
Moluques du sud
9%
Principauté de Sealand
9%
Récif Kingman
9%
Territoire britannique de l'océan Indien
9%
Tobago
9%
Wake
9%
Bangsamoro
4%
Île Baker
4%
Île de la Navasse
4%
Île Howland
4%
Île Jarvis
4%
Îles Ashmore-et-Cartier
4%
Îles Australes
4%
Îles Chatham
4%
Îles Éparses
4%
Îles Saint-Paul-et-Amsterdam
4%
Niévès
4%
Nouvelle-Guinée occidentale
4%
Rodrigues
4%
Akrotiri et Dhekelia
0%
Archipel de Frioul
0%
Atoll Johston
0%
Atoll Palmyra
0%
Dominion du Melchizedek
0%
Forvik
0%
Île d'Or
0%
Îles de Rafraîchissement
0%
Îles Heard-et-MacDonald
0%
Insulo de la Rozoj
0%
Lundy
0%
New Atlantis
0%
République de Minerva
0%
Royaume de Redonda
0%
Sainte Hélène, Ascension et Tristan da Cunha
0%
Tavolara
0%
Trindade et Martim Vaz
0%
Waveland
0%

Distribution des résultats

Percentile par nombre de réponses

% des personnes avec chaque résultat

Votre développement - résultats

Vous n’avez pas pris ce quiz depuis la dernière actualisation